|
|
|
|
| LEADER |
00000nbm0a2200000 4500 |
| 001 |
184626 |
| 005 |
20231031172445.0 |
| 035 |
|
|
|a (RuTPU)RU\TPU\book\200229
|
| 090 |
|
|
|a 184626
|
| 100 |
|
|
|a 20100916d1967 k y0rusy50 ca
|
| 101 |
0 |
|
|a rus
|
| 102 |
|
|
|a RU
|
| 105 |
|
|
|a a p 001zy
|
| 200 |
1 |
|
|a Установка для изотопного контроля цилиндрических изделий с дистанционным управлением (Конструкторская часть)
|e Отчет о НИР
|e Тема: № 84/65 "А"
|f Томский политехнический институт (ТПИ) ; руководитель Г. Л. Куфарев ; В. И. Лившиц
|
| 210 |
|
|
|a Томск
|d 1967
|
| 215 |
|
|
|a 101 л.
|
| 320 |
|
|
|a Библиогр.: с. 101.
|
| 610 |
1 |
|
|a отчеты о НИР
|
| 610 |
1 |
|
|a изотопный контроль
|
| 610 |
1 |
|
|a цилиндрические изделия
|
| 610 |
1 |
|
|a установки
|
| 610 |
1 |
|
|a дистанционное управление
|
| 675 |
|
|
|a 621.384.2
|v 3
|
| 702 |
|
1 |
|a Куфарев
|b Г. Л.
|4 673
|
| 702 |
|
1 |
|a Лившиц
|b В. И.
|4 677
|
| 712 |
0 |
2 |
|a Томский политехнический институт (ТПИ)
|c (1944-1991)
|2 stltpush
|3 (RuTPU)RU\TPU\col\1123
|4 595
|
| 801 |
|
1 |
|a RU
|b 63413507
|c 20100916
|
| 942 |
|
|
|c BK
|